[Event "Seville-ch"]
[Site "Seville"]
[Date "2013.01.26"]
[Round "1"]
[White "Gonzalez Suarez, Jose Luis"]
[Black "De Pablos Fernandez, Mariano"]
[Result "0-1"]
[WhiteElo "1786"]
[BlackElo "2024"]
[PlyCount "94"]
[EventDate "2013.01.26"]
[EventType "swiss"]
[EventRounds "6"]
[EventCountry "ESP"]
[SourceTitle "EXT 2014"]
[Source "ChessBase"]
[SourceDate "2013.11.20"]
[SourceVersion "1"]
[SourceVersionDate "2013.11.20"]
[SourceQuality "1"]

1. d4 d5 2. Nf3 Nf6 3. Bg5 Ne4 4. Bh4 g6 5. Nbd2 Bg7 6. c3 0-0 7. e3 b6 8. Nxe4 dxe4 9. Nd2 Bb7 10. Bc4 Kh8 11. 0-0 Nd7 12. Qc2 f5 13. f3 exf3 14. Nxf3 Bf6 15. Ng5 Bxg5 16. Bxg5 Kg7 17. Qb3 Nf6 18. Bxf6+ exf6 19. Rae1 Re8 20. Qd1 Qd6 21. Qd2 Re7 22. Be2 Rae8 23. Bf3 Be4 24. Bxe4 Rxe4 25. g3 Qe6 26. Kf2 Qxa2 27. Ra1 Qc4 28. Rfe1 a5 29. Qe2 Qe6 30. Ra4 f4 31. gxf4 Qh3 32. Qf3 Qxh2+ 33. Qg2 Qh4+ 34. Qg3 Qxg3+ 35. Kxg3 Rxe3+ 36. Rxe3 Rxe3+ 37. Kf2 Re4 38. Kf3 f5 39. Rc4 Re7 40. Rc6 Rd7 41. b3 Kf7 42. Kg3 Re7 43. Kf3 Ke8 44. d5 Kd7 45. Rf6 Kc8 46. c4 Kb7 47. Kg3 Re3+ 0-1